00362nam a2200145Ia 4500003000400000005001700004008004000021040000700061041001200068082001700080100001500097245004900112260004700161300000800208OSt20221216101853.0210210b1984 xxu||||| |||| 00| 0 eng d cAL aEnglish a652.307 HIGH aHIGH SPEED aHIGH SPEED building exercises in typewriting aNew DelhibPitman S S Publicationsc1984 a119